00888nam a22002055i 4500001000700000003000900007005001700016008004100033080001000074100003400084245013800118260006600256300002100322650003300343700003100376700004200407852006600449999001900515952014800534170201ES-MaACL20251223063021.0090211q1943 fr 000 d fre d a782.10 aHofmannsthal, Hugo von96396610aElektra : btragédie en un acte / cde Hugo von Hofmansthal ; texte français de H. Gauthier-Villars ; musique de Richard Strauss. aParis : bLibrairie Théatrale : bM.-R. Braun, c[ca. 1943] a48 p. ; c19 cm. 4aÓperas-vLibretos.91375841 aWilly (d1859-1931)9560431 aStrauss, Richard, d1864-194992405574 aES-MaACLj2247-F-15 z- Biblioteca Jacinto Martínez Lacalle c170201d170201 001040708Colección_de_folletosaATENEOMbATENEOMcDEPOFd2009-02-11eDONl0o2247-F-15p1178687r2023-02-23 00:00:00w2023-02-23yFOLLETOS